All Yellow Sea Cities 2M+ - Statistics

General Stats
  • This quiz has been taken 30 times
  • The average score is 7 of 9
Answer Stats
Country City Population % Correct
South Korea Seoul 10 million
100%
North Korea Pyongyang 3.1 million
96%
China Dalian 5.7 million
93%
China Tianjin 13.7 million
93%
South Korea Incheon 2.8 million
81%
China Qingdao 5.7 million
78%
China Yantai 2.6 million
63%
China Tangshan 3.5 million
37%
China Weifang 2.7 million
33%
No matching quizzes found
Score Distribution
Percent of People with Each Score
Percentile by Number Answered
Your Score History
You have not taken this quiz